000 00834nam a22002297a 4500
999 _c1008
_d1008
003 AR-CdUCM
008 190226b ||||| |||| 00| 0 spa d
040 _aMUNICIPALIDAD PROVINCIAL DEL CUSCO
_cBIBLIOTECA MUNICIPAL DEL CUSCO
082 _a987.04 /
_bU92
100 _aUslar Pietri, Juan
_93922
245 _aHistoria de la rebelión popular de 1814 /
260 _aEspaña :
_bEdime,
_c1962.
300 _a223 páginas ;
_c19 cm.
505 _aLa República es como un juego de niños -- Venezuela es de los isleños -- La dictadura de los blancos -- El jefe del movimiento popular -- La democracia en acción...
650 _aVenezuela
_92312
650 _aCaracas
_93923
650 _aRebelión
_93924
650 _aHistoria
_944149
650 _aMovimiento popular
_93925
942 _2ddc
_cLIBROS
945 _admma
_d2019-02-26